BOZKIRIN EFENDİSİ CENGİZ HAN (Record no. 887422)
[ view plain ]
| 000 -LEADER | |
|---|---|
| sabit uzunluktaki kontrol alanı | 00257nam a2200097Ia 4500 |
| 001 - KONTROL NUMARASI | |
| kontrol alanı | 887422 |
| 005 - EN SON İŞLEMİN TARİH VE ZAMANI | |
| kontrol alanı | 20250826182835.0 |
| 008 - SABİT-UZUNLUKTA VERİ ÖĞELERİ--GENEL BİLGİ | |
| sabit uzunluktaki kontrol alanı | 250824s9999 xx 000 0 und d |
| 245 #0 - ESER / YAZAR | |
| ESER ADI | BOZKIRIN EFENDİSİ CENGİZ HAN |
| Yazar Adı | MEHMET S. FETHİ |
| 260 ## - YAYIN, DAĞITIM, VB. | |
| YAYIN EVİ | PANAMA YAYINLARI |
| Düşüm durumu | Kayıp durumu | Hasar Durumu | Ödünç verilmez | Ana kütüphane | Geçerli Kütüphane | Edinilen tarih | Toplam ödünç verme sayısı | Barkod | Son görüntüleme tarihi | Fiyatın geçerli olmaya başladığı tarih | Koha materyal türü |
|---|---|---|---|---|---|---|---|---|---|---|---|
| KAŞGARLI MAHMUT ORTAOKULU | KAŞGARLI MAHMUT ORTAOKULU | 24.08.2025 | 10644979 | 26.08.2025 | 26.08.2025 | Books |